KALA-AZAR IN AYURVEDA (Record no. 8563)
[ view plain ]
| 000 -LEADER | |
|---|---|
| fixed length control field | 00283nam a22001337a 4500 |
| 003 - CONTROL NUMBER IDENTIFIER | |
| control field | SGT |
| 082 ## - DEWEY DECIMAL CLASSIFICATION NUMBER | |
| Classification number | 615.53 |
| Item number | K09B |
| 100 ## - MAIN ENTRY--PERSONAL NAME | |
| Personal name | BYADGI,P.S. |
| 245 ## - TITLE STATEMENT | |
| Title | KALA-AZAR IN AYURVEDA |
| 260 ## - PUBLICATION, DISTRIBUTION, ETC. (IMPRINT) | |
| Place of publication, distribution, etc | VARANASI |
| Name of publisher, distributor, etc | CHAUKHAMBHA PUB |
| Year of Publication | 2009 |
| 300 ## - PAGE DESCRIPTION | |
| No. of Pages | 390.00 |
| 650 ## - SUBJECT ADDED ENTRY--TOPICAL TERM | |
| Topical term or geographic name as entry element | DISEASE |
| 942 ## - ADDED ENTRY ELEMENTS (KOHA) | |
| Source of classification or shelving scheme | Dewey Decimal Classification |
| Koha item type | Books |
| Withdrawn status | Lost status | Source of classification or shelving scheme | Damaged status | Not for loan | Collection code | Home library | Current library | Shelving location | Date acquired | Vendor Name | Cost, normal purchase price | SGTU | Bill Number | Total Checkouts | Full call number | Accession No. (Barcode) | Date last seen | Bill Date | Koha item type | Date last borrowed |
|---|---|---|---|---|---|---|---|---|---|---|---|---|---|---|---|---|---|---|---|---|
| Dewey Decimal Classification | AYURVEDA | SGT FA-FP Library | SGT FA-FP Library | Text Book | 22/03/2016 | CHAUKHAMBHA | 495.00 | SGTU | CP/B/776 | 615.53 K09B | FA4171 | 22/03/2016 | 05/01/2016 | Books | ||||||
| Dewey Decimal Classification | AYURVEDA | SGT FA-FP Library | SGT FA-FP Library | Text Book | 22/03/2016 | CHAUKHAMBHA | 495.00 | SGTU | CP/B/776 | 1 | 615.53 K09B | FA4172 | 07/09/2019 | 05/01/2016 | Books | 06/09/2019 | ||||
| Dewey Decimal Classification | AYURVEDA | SGT FA-FP Library | SGT FA-FP Library | Text Book | 22/03/2016 | CHAUKHAMBHA | 495.00 | SGTU | CP/B/776 | 615.53 K09B | FA4173 | 22/03/2016 | 05/01/2016 | Books | ||||||
| Dewey Decimal Classification | AYURVEDA | SGT FA-FP Library | SGT FA-FP Library | Text Book | 22/03/2016 | CHAUKHAMBHA | 495.00 | SGTU | CP/B/776 | 615.53 K09B | FA4174 | 22/03/2016 | 05/01/2016 | Books | ||||||
| Dewey Decimal Classification | AYURVEDA | SGT FA-FP Library | SGT FA-FP Library | Text Book | 22/03/2016 | CHAUKHAMBHA | 495.00 | SGTU | CP/B/776 | 615.53 K09B | FA4175 | 22/03/2016 | 05/01/2016 | Books |